Statistics for Timeline of the 18th Century

Click here to take the quiz!

General Stats

  • This quiz has been taken 35 times
  • The average score is 22 of 30

Answer Stats

QuestionAnswer% Correct
From 1762 until 1796, who was the longest-ruling female leader of the Russian Empire?Catherine the Great
100%
In 1707, Mount Fuji erupted for the first time in 10,000 years. Where is it located?Japan
100%
Who became the first President of the United States in 1789?George Washington
97%
Where did the Industrial Revolution begin in the 18th century?Great Britain
97%
Where did Peter the Great move the capital from Moscow to in 1712?Saint Petersburg
97%
What did patriots in Boston dump into the harbor in a 1773 protest?Tea
97%
Which famous novel Daniel Defoe published in 1718?Robinson Crusoe
90%
What was the first English-language edition name of the 18th-century collection of folk tales "One Thousand and One Nights"?The Arabian Nights
86%
When did American Revolutionary War begin?1775
83%
The guillotine is an instrument for inflicting capital punishment that came into common use in which country in 18th centrury?France
83%
Who was Marie Antoinette's husband?King Louis XVI
83%
Who establishes the French Consulate and brought an end to the French Revolution in 1799?Napoleon Bonaparte
83%
Who first explored and mapped New Zealand and Australia in 1769?James Cook
79%
In 1776, the United States Declaration of Independence was adopted by the Continental Congress in which city?Philadelphia
79%
Which famous composer died of fever in 1791 at age of 35?Wolfgang Amadeus Mozart
79%
On which continent the French and Indian War began in 1754?North America
76%
What was the name of the was a global conflict of Great Britain and its allies against a coalition of France and its allies?The Seven Years War
76%
Who invented the first battery in 1799?Alessandro Volta
69%
Which city was the site of a massacre in the growing rebellion in American Revolutionary?Boston
69%
Who developed the first smallpox vaccination in 1796?Edward Jenner
69%
Who was the Commander of the Continental Army and helped organize the efforts of the colonies to fight against Great Britain?George Washington
69%
How many ronins (leaderless samurai) avenged the death of their master in the legendary event in 18th-century Japan?47
62%
What was the capital of the Kingdom of Prussia that was declared under King Frederick I in 1701?Berlin
62%
During French Revolution where did a group of women (and men) march from Paris to, demanding lower bread prices?Versailles
48%
What is considered the final major battle of the Revolutionary War?Battle of Yorktown
45%
What was the first permanent European settlement established in Australia in 1788?Sydney
45%
What peace treaty officially ended the Revolutionary War?Treaty of Paris
45%
In 1787, freed slaves from London established Freetown in which present-day African country?Sierra Leone
41%
The Triple Alliance from 1717 was a treaty between the Dutch Republic, France and Great Britain, against which country in an attempt to maintain the agreement of the Treaty of Utrecht?Spain
41%
Who invented the first mercury thermometer in 1724?Gabriel Fahrenheit
28%

Score Distribution

Percentile by Number Answered

Percent of People with Each Score

Your Score History

You have not taken this quiz